000 00452nam a22001577a 4500
005 20230116104910.0
008 220210b ||||| |||| 00| 0 eng d
020 _a978-93-88293-56-3
041 _aeng
100 _aTIWARI, DR.VARSHA AND AHMAD, DR.SHAMIM
_95025
245 _aA PRACTICAL BOOK OF PHARMACOGNOSY AND PHYTOCHEMISTRY [ SEM-IV-V]
260 _aPUNE
_bNIRALI PRAKASHAN
300 _aA.2;p
650 _aPHARMACY
_xB.PHARMA
_97083
942 _cBK
999 _c7915
_d7913